[Event "XLIII C.to Italiano a squadre A1.4.1"]
[Site "Sant'Anastasia ITA"]
[Date "2011.03.26"]
[Round "4"]
[White "Fierro Baquero, Martha Lorena"]
[Black "Laudisa, Antonio"]
[Result "1-0"]
[WhiteElo "2367"]
[BlackElo "1927"]
[PlyCount "67"]
[EventDate "2011.03.25"]

1. e4 c5 2. Nc3 e6 3. Nf3 a6 4. d4 cxd4 5. Nxd4 d6 6. Be3 Nf6 7. f3 Be7 8. Qd2
Qc7 9. O-O-O Nbd7 10. g4 b5 11. g5 Nh5 12. Nce2 g6 13. Ng3 Ng7 14. f4 Bb7 15.
Rg1 e5 16. Nde2 exf4 17. Nxf4 Ne5 18. Be2 Rc8 19. Nd5 Bxd5 20. exd5 Nc4 21.
Bxc4 Qxc4 22. Kb1 O-O 23. Rgf1 Qc7 24. Bd4 a5 25. h4 Qc4 26. Bf6 Rc7 27. Rf4
Qc5 28. Ne4 Qb6 29. Rdf1 Nh5 30. R4f2 Rfc8 31. Bd4 Qb7 32. Nf6+ Bxf6 33. Bxf6
b4 34. Qd3 1-0

[Event "XLIII C.to Italiano a squadre A1.4.1"]
[Site "Sant'Anastasia ITA"]
[Date "2011.03.26"]
[Round "4"]
[White "Patavia, Antonio"]
[Black "Cappai, Davide"]
[Result "1/2-1/2"]
[WhiteElo "2065"]
[BlackElo "2228"]
[PlyCount "79"]
[EventDate "2011.03.25"]

1. e4 c5 2. Nf3 Nc6 3. d4 cxd4 4. Nxd4 g6 5. c4 Nf6 6. Nc3 Bg7 7. Be3 O-O 8.
Be2 d6 9. O-O Bd7 10. Rc1 Nxd4 11. Bxd4 Bc6 12. Bd3 Nd7 13. Bxg7 Kxg7 14. b4 b6
15. Nd5 e6 16. Ne3 a5 17. a3 axb4 18. axb4 Qe7 19. Qd2 Ne5 20. Bb1 f5 21. f4
Nf7 22. exf5 exf5 23. Bxf5 Ra2 24. Rc2 Ra3 25. Rc3 Rxc3 26. Qxc3+ Qf6 27. Qxf6+
Kxf6 28. Bc2 Ra8 29. Rd1 Ra3 30. Kf2 h5 31. g3 Ra2 32. Rd2 Rb2 33. b5 Bb7 34.
Ke2 Ra2 35. Bb1 Bf3+ 36. Ke1 Ra4 37. Kf2 Bb7 38. Rd1 Ra3 39. h3 g5 40. Rd2
1/2-1/2

[Event "XLIII C.to Italiano a squadre A1.4.1"]
[Site "Sant'Anastasia ITA"]
[Date "2011.03.26"]
[Round "4"]
[White "Sabia, Corrado"]
[Black "Cozzolino, Angelo"]
[Result "1-0"]
[WhiteElo "2192"]
[BlackElo "1931"]
[PlyCount "79"]
[EventDate "2011.03.25"]

1. c4 g6 2. g3 Nf6 3. Bg2 Bg7 4. Nc3 O-O 5. e4 d6 6. Nge2 e5 7. O-O Nc6 8. d3
Ne7 9. h3 c6 10. d4 Be6 11. d5 Bd7 12. dxc6 Bxc6 13. Bg5 Ne8 14. Qd2 Qc7 15.
Rad1 Rd8 16. b3 f5 17. Nd5 Bxd5 18. Bxe7 Qxe7 19. Qxd5+ Rf7 20. exf5 gxf5 21.
Qd2 Nf6 22. Nc3 b6 23. Rfe1 Rff8 24. Qg5 Qc7 25. Qxf5 Kh8 26. Qd3 Qc5 27. Qe3
Qxe3 28. Rxe3 Rfe8 29. Nb5 Bf8 30. Nxa7 e4 31. Re2 d5 32. cxd5 Rxd5 33. Rxd5
Nxd5 34. Nb5 Nf6 35. Nc3 e3 36. Rxe3 Rc8 37. Bf3 Bc5 38. Rd3 Kg7 39. Kg2 Re8
40. Na4 1-0

[Event "XLIII C.to Italiano a squadre A1.4.1"]
[Site "Sant'Anastasia ITA"]
[Date "2011.03.26"]
[Round "4"]
[White "Stromboli, Ettore"]
[Black "Liguori, Renato"]
[Result "1-0"]
[WhiteElo "2292"]
[BlackElo "2112"]
[PlyCount "71"]
[EventDate "2011.03.25"]

1. e4 e6 2. d4 d5 3. e5 c5 4. c3 Nc6 5. Be3 Qb6 6. Qd2 a5 7. a4 c4 8. Nf3 Bd7
9. Be2 Nge7 10. O-O Nc8 11. Na3 N6a7 12. Rfb1 Bxa3 13. Rxa3 Qc7 14. Bd1 Nb6 15.
Bc2 Bc6 16. Qe2 Qd7 17. Ng5 g6 18. Qf3 h6 19. Qf6 Rg8 20. Nh7 Qe7 21. Bxh6 Kd8
22. Bg5 Qxf6 23. Nxf6 Kc7 24. Nxg8 Rxg8 25. Re1 Kd7 26. Re3 Rh8 27. g4 Ke8 28.
Bf6 Rh6 29. h4 Nd7 30. Bg5 Rh8 31. f4 Nc8 32. Kf2 f5 33. exf6 Kf7 34. f5 gxf5
35. gxf5 Re8 36. fxe6+ 1-0

[Event "XLIII C.to Italiano a squadre A1.4.1"]
[Site "Sant'Anastasia ITA"]
[Date "2011.03.27"]
[Round "5"]
[White "Della Corte, Alessandro"]
[Black "Fasiello, Andrea"]
[Result "1-0"]
[WhiteElo "2261"]
[BlackElo "1944"]
[PlyCount "89"]
[EventDate "2011.03.25"]

1. Nf3 d5 2. g3 c5 3. Bg2 Nc6 4. d4 e6 5. O-O Nf6 6. c4 dxc4 7. Qa4 Bd7 8. Qxc4
cxd4 9. Nxd4 Nxd4 10. Qxd4 Bc6 11. Bxc6+ bxc6 12. Qa4 Qb6 13. Be3 Qb5 14. Nc3
Qxa4 15. Nxa4 Nd5 16. Bd4 Rb8 17. b3 Nb6 18. Nb2 Rd8 19. Rfd1 c5 20. Bc3 Rxd1+
21. Rxd1 f6 22. e4 Be7 23. a4 Nc8 24. Nc4 Kf7 25. Rd7 Rd8 26. Rc7 Rd3 27. Ba5
Nb6 28. Bxb6 axb6 29. Rb7 Rxb3 30. Nd6+ Kf8 31. Rb8+ Bd8 32. Nb7 Rb4 33. Nxd8
Rxa4 34. Nxe6+ Kf7 35. Rxb6 Rxe4 36. Nxc5 Re5 37. Rb7+ Kg6 38. Nd3 Re4 39. Kg2
Kh6 40. Nf4 g6 41. Nd5 Re6 42. Rf7 Kg5 43. Rxh7 Rd6 44. h4+ Kf5 45. Ne7+ 1-0

[Event "XLIII C.to Italiano a squadre A1.4.1"]
[Site "Sant'Anastasia ITA"]
[Date "2011.03.27"]
[Round "5"]
[White "Patavia, Antonio"]
[Black "Sabia, Corrado"]
[Result "1/2-1/2"]
[WhiteElo "2065"]
[BlackElo "2192"]
[PlyCount "42"]
[EventDate "2011.03.25"]

1. e4 e5 2. Nf3 Nc6 3. Bb5 a6 4. Ba4 Nf6 5. Qe2 b5 6. Bb3 Be7 7. c3 O-O 8. d4
d6 9. O-O Bg4 10. Rd1 Qb8 11. h3 Bxf3 12. Qxf3 Na5 13. Bc2 c5 14. dxe5 dxe5 15.
Nd2 Rd8 16. Nf1 Rxd1 17. Qxd1 Qb7 18. Ne3 Rd8 19. Qf3 g6 20. g4 Re8 21. b3 Nc6
1/2-1/2

[Event "XLIII C.to Italiano a squadre A1.4.1"]
[Site "Sant'Anastasia ITA"]
[Date "2011.03.27"]
[Round "5"]
[White "Stromboli, Carlo"]
[Black "Laudisa, Antonio"]
[Result "1-0"]
[WhiteElo "2297"]
[BlackElo "1927"]
[PlyCount "93"]
[EventDate "2011.03.25"]

1. e4 c5 2. Nf3 Nc6 3. d4 cxd4 4. Nxd4 e5 5. Nb5 d6 6. N1c3 a6 7. Na3 b5 8. Nd5
Nge7 9. c4 Nd4 10. Be3 Nxd5 11. exd5 Nf5 12. Bd2 Be7 13. Bd3 Bg5 14. cxb5 Bxd2+
15. Qxd2 O-O 16. O-O Re8 17. bxa6 e4 18. Bb5 Bxa6 19. Bxe8 Qxe8 20. Rfe1 Qe5
21. Rac1 Re8 22. Qc3 Qe7 23. Nc4 Bxc4 24. Qxc4 e3 25. fxe3 Nxe3 26. Qf4 g5 27.
Qxe3 Qxe3+ 28. Rxe3 Rxe3 29. Kf2 Re4 30. a3 Kf8 31. b3 f5 32. Ra1 Rd4 33. a4
Ke8 34. a5 Rb4 35. a6 Rb8 36. a7 Ra8 37. Ke3 Kd8 38. Kd4 Kc7 39. Ra6 h5 40. g3
Kd7 41. Kc4 Kc7 42. Kb5 Kd7 43. Kb6 Kc8 44. Kc6 f4 45. gxf4 gxf4 46. Ra4 f3 47.
Rf4 1-0

[Event "XLIII C.to Italiano a squadre A1.4.1"]
[Site "Sant'Anastasia ITA"]
[Date "2011.03.27"]
[Round "5"]
[White "Verardi, Alessandro"]
[Black "Stromboli, Ettore"]
[Result "0-1"]
[WhiteElo "1913"]
[BlackElo "2292"]
[PlyCount "50"]
[EventDate "2011.03.25"]

1. e4 e6 2. Nf3 d5 3. e5 c5 4. b4 c4 5. d4 cxd3 6. Bxd3 Bxb4+ 7. c3 Bc5 8. O-O
Ne7 9. Ba3 Bxa3 10. Nxa3 Ng6 11. Re1 Nc6 12. g3 O-O 13. h4 h6 14. Bc2 Ngxe5 15.
Nxe5 Nxe5 16. Rxe5 Qd6 17. Rh5 Qxa3 18. Rxh6 gxh6 19. Qg4+ Kh8 20. Qh5 Kg7 21.
Re1 Qxc3 22. Qg4+ Kh8 23. Bb1 Qg7 24. Qh5 e5 25. Rxe5 Bg4 0-1

[Event "XLIII C.to Italiano a squadre A1.4.1"]
[Site "Sant'Anastasia ITA"]
[Date "2011.03.27"]
[Round "6"]
[White "Corvi, Marco"]
[Black "Della Corte, Alessandro"]
[Result "1/2-1/2"]
[WhiteElo "2268"]
[BlackElo "2261"]
[PlyCount "59"]
[EventDate "2011.03.25"]

1. c4 g6 2. Nc3 Bg7 3. Nf3 d6 4. g3 Nf6 5. Bg2 O-O 6. O-O e5 7. d3 Nh5 8. d4
Nd7 9. dxe5 dxe5 10. Bg5 Nhf6 11. Ne4 h6 12. Nxf6+ Nxf6 13. Be3 Qe7 14. h3 Re8
15. Qb3 c6 16. a4 a5 17. Rac1 Bf8 18. Rfd1 Qb4 19. Qa2 Nd7 20. Ne1 Nc5 21. Nd3
Nxd3 22. exd3 Kh7 23. Bd2 Qb6 24. Be3 Bc5 25. Bxc5 Qxc5 26. Qa3 Qd4 27. Re1 Bf5
28. Re3 Rad8 29. Rc3 Kg7 30. Kh2 1/2-1/2

[Event "XLIII C.to Italiano a squadre A1.4.1"]
[Site "Sant'Anastasia ITA"]
[Date "2011.03.27"]
[Round "6"]
[White "Cozzolino, Angelo"]
[Black "Patavia, Antonio"]
[Result "0-1"]
[WhiteElo "1931"]
[BlackElo "2065"]
[PlyCount "109"]
[EventDate "2011.03.25"]

1. d4 Nf6 2. c4 g6 3. Nc3 Bg7 4. e4 d6 5. Nf3 O-O 6. Be2 e5 7. dxe5 dxe5 8.
Qxd8 Rxd8 9. Bg5 c6 10. Nxe5 Re8 11. O-O-O Na6 12. Rd6 Nd5 13. cxd5 Bxe5 14.
Bxa6 Bxd6 15. Bd3 Kg7 16. Be3 Bd7 17. f4 f6 18. Re1 cxd5 19. Nxd5 Bc6 20. Nxf6
Kxf6 21. e5+ Ke6 22. exd6 Kxd6 23. g3 b6 24. f5 Be4 25. Bf4+ Kd5 26. Bxe4+ Rxe4
27. Rxe4 Kxe4 28. fxg6 hxg6 29. b3 Rd8 30. Kc2 Rd3 31. Bb8 a6 32. a4 Rf3 33. h4
Kf5 34. Bc7 b5 35. axb5 axb5 36. Kb2 Kg4 37. Ka3 Rxg3 38. Kb4 Rd3 39. Kxb5
Rxb3+ 40. Kc4 Rb1 41. Bd8 Rc1+ 42. Kb3 Rh1 43. Kc2 Rxh4 44. Kd2 Rh3 45. Ke2 Rf3
46. Bc7 Rf7 47. Bd8 Rf5 48. Ke3 g5 49. Ke4 Rb5 50. Bc7 Rb3 51. Bd8 Rb8 52. Bf6
Re8+ 53. Be5 Kh3 54. Kf5 Rxe5+ 55. Kxe5 0-1

[Event "XLIII C.to Italiano a squadre A1.4.1"]
[Site "Sant'Anastasia ITA"]
[Date "2011.03.27"]
[Round "6"]
[White "Femiano, Andrea"]
[Black "Verardi, Alessandro"]
[Result "1/2-1/2"]
[WhiteElo "2097"]
[BlackElo "1913"]
[PlyCount "58"]
[EventDate "2011.03.25"]

1. e4 c5 2. Nf3 Nc6 3. d4 cxd4 4. Nxd4 Nf6 5. Nc3 e5 6. Ndb5 d6 7. Nd5 Nxd5 8.
exd5 Ne7 9. c4 Nf5 10. Be2 Be7 11. O-O O-O 12. a3 Bd7 13. Nc3 Re8 14. b4 Nd4
15. f4 Bf6 16. Ra2 exf4 17. Bxf4 Nxe2+ 18. Nxe2 Qb6+ 19. Kh1 Re4 20. Qd3 Rae8
21. Ng3 Rd4 22. Qb3 Qc7 23. Rc2 Bf5 24. Rcc1 Bg6 25. c5 Rxf4 26. Rxf4 Bg5 27.
Rfc4 Bxc1 28. Rxc1 dxc5 29. Qa4 Qe5 1/2-1/2

[Event "XLIII C.to Italiano a squadre A1.4.1"]
[Site "Sant'Anastasia ITA"]
[Date "2011.03.27"]
[Round "6"]
[White "Fierro Baquero, Martha Lorena"]
[Black "Stromboli, Carlo"]
[Result "1-0"]
[WhiteElo "2367"]
[BlackElo "2297"]
[PlyCount "37"]
[EventDate "2011.03.25"]

1. c4 g5 2. d4 Bg7 3. Nc3 c5 4. d5 g4 5. d6 Qa5 6. Bd2 Qb6 7. Nb5 Na6 8. Bc3
Bxc3+ 9. bxc3 Nf6 10. Qd3 Qc6 11. f3 exd6 12. Qf5 Ke7 13. Rd1 Ne8 14. Rxd6 Qxd6
15. Nxd6 Kxd6 16. Qd5+ Kc7 17. Qe5+ d6 18. Qxh8 Bf5 19. Qf8 1-0

[Event "XLIII C.to Italiano a squadre A1.4.1"]
[Site "Sant'Anastasia ITA"]
[Date "2011.03.27"]
[Round "6"]
[White "Laudisa, Antonio"]
[Black "Cocozza, Mario"]
[Result "0-1"]
[WhiteElo "1927"]
[BlackElo "2360"]
[PlyCount "55"]
[EventDate "2011.03.25"]

1. e4 c6 2. d4 d5 3. e5 Bf5 4. Nc3 e6 5. g4 Bg6 6. h4 h5 7. g5 Ne7 8. Nge2 Nd7
9. Nf4 c5 10. Nxg6 fxg6 11. Be3 Nf5 12. Bh3 Qa5 13. Bxf5 gxf5 14. Qd2 Rc8 15.
Ne2 Qa4 16. c3 g6 17. Nf4 Kf7 18. O-O cxd4 19. Bxd4 Bc5 20. Bxc5 Rxc5 21. Rfe1
Rhc8 22. Rad1 Nb6 23. Nd3 Qg4+ 24. Kf1 Qh3+ 25. Kg1 Qg4+ 26. Kf1 Rc4 27. f4
Qxh4 28. Re2 0-1

[Event "XLIII C.to Italiano a squadre A1.4.1"]
[Site "Sant'Anastasia ITA"]
[Date "2011.03.27"]
[Round "6"]
[White "Sabia, Corrado"]
[Black "Cappai, Davide"]
[Result "1-0"]
[WhiteElo "2192"]
[BlackElo "2228"]
[PlyCount "90"]
[EventDate "2011.03.25"]

1. e4 c5 2. Nf3 Nc6 3. Bb5 g6 4. O-O Bg7 5. Re1 e5 6. b4 cxb4 7. a3 Nge7 8.
axb4 O-O 9. Bxc6 bxc6 10. Bb2 Qc7 11. d4 f6 12. Nbd2 d6 13. Nb3 Be6 14. Qd3 h6
15. c4 Rfd8 16. Qc2 Qb6 17. Ra4 Bf7 18. Rea1 Qb7 19. Nbd2 Kh7 20. Bc3 Rd7 21.
h3 Nc8 22. c5 exd4 23. Bxd4 d5 24. Qc3 dxe4 25. Nxe4 Bd5 26. Nxf6+ Bxf6 27.
Bxf6 Bxf3 28. Qxf3 Rf7 29. Qc3 Ne7 30. Bxe7 Qxe7 31. Re1 Qh4 32. f3 Raf8 33.
Re4 Qd8 34. Ra1 h5 35. Rae1 Qg5 36. Qe3 Qxe3+ 37. R1xe3 Kh6 38. h4 Rb8 39. Rd4
Rb5 40. Re6 a5 41. bxa5 Rxc5 42. Rdd6 Rg7 43. a6 Rc1+ 44. Kf2 c5 45. Rc6 c4 1-0

[Event "XLIII C.to Italiano a squadre A1.4.1"]
[Site "Sant'Anastasia ITA"]
[Date "2011.03.27"]
[Round "6"]
[White "Stromboli, Ettore"]
[Black "Napoli, Nicolo'"]
[Result "1/2-1/2"]
[WhiteElo "2292"]
[BlackElo "2324"]
[PlyCount "74"]
[EventDate "2011.03.25"]

1. e4 e6 2. b3 d5 3. Bb2 Nf6 4. exd5 exd5 5. Nf3 Bd6 6. Be2 O-O 7. O-O Re8 8.
Re1 Nbd7 9. Bf1 c6 10. Rxe8+ Qxe8 11. a4 Ne5 12. Nxe5 Bxe5 13. Bxe5 Qxe5 14. d4
Qg5 15. Qd2 Qg6 16. Na3 Ne4 17. Qf4 Bf5 18. Re1 h6 19. Bd3 Rd8 20. f3 Nd6 21.
Bxf5 Qxf5 22. Qxf5 Nxf5 23. c3 Kf8 24. Kf2 h5 25. Nc2 g6 26. Nb4 Ng7 27. Nd3
Ne6 28. Ne5 Ke7 29. Nd3 Rc8 30. Re5 Kf6 31. g3 Rd8 32. Re1 Re8 33. Re2 b6 34.
Re5 Rd8 35. Nb4 Rc8 36. Nd3 Rd8 37. Nb4 Rc8 1/2-1/2

[Event "XLIII C.to Italiano a squadre A1.4.1"]
[Site "Sant'Anastasia ITA"]
[Date "2011.03.27"]
[Round "6"]
[White "Vallifuoco, Giacomo"]
[Black "Bianco, Raffaele"]
[Result "1-0"]
[WhiteElo "2366"]
[BlackElo "2080"]
[PlyCount "85"]
[EventDate "2011.03.25"]

1. d4 d6 2. e4 Nf6 3. Nd2 g6 4. Ngf3 Bg7 5. c3 O-O 6. Be2 c6 7. O-O Qc7 8. Re1
e5 9. dxe5 dxe5 10. a4 Be6 11. a5 h6 12. Bc4 Bxc4 13. Nxc4 Nbd7 14. b3 Rfd8 15.
Ba3 Nxe4 16. Rxe4 Nc5 17. Bxc5 Rxd1+ 18. Rxd1 f5 19. Bd6 Qc8 20. Rxe5 Bxe5 21.
Bxe5 Qe8 22. h4 Rd8 23. Re1 Qf7 24. Bf4 Kg7 25. Nd4 Re8 26. Be5+ Kh7 27. Nd6
Rxe5 28. Rxe5 Qf6 29. Re6 Qxh4 30. Nxb7 Qg5 31. Re3 f4 32. Nf3 Qf6 33. Rd3 Qe7
34. Nd8 c5 35. Nc6 Qe6 36. Nfe5 h5 37. Rd7+ Kh8 38. Nd8 Qxb3 39. Nxg6+ Kg8 40.
Nxf4 Qxc3 41. Nde6 Qe1+ 42. Kh2 Qe5 43. g3 1-0